000 01562nam a2200349Ia 4500
001 ebr10201421
003 CaPaEBR
006 m u
007 cr cn|||||||||
008 061024s2006 njuab sb 100 0 eng d
010 _z 2006281647
020 _z9812565353
020 _z9789812565358
020 _z9789812774613
040 _aCaPaEBR
_cCaPaEBR
035 _a(OCoLC)560453853
050 1 4 _aGC220.4.C27
_bN74 2004eb
111 2 _aNSF Caribbean Tsunami Workshop
_d(2004 :
_cSan Juan, P.R.)
245 1 0 _aCaribbean tsunami hazard
_h[electronic resource] :
_bNSF Caribbean Tsunami Workshop, March 30-31, 2004, San Juan Beach Hotel, Puerto Rico /
_ceditors, Aurelio Mercado-Irizarry, Philip Liu.
260 _aHackensack, N.J. :
_bWorld Scientific,
_cc2006.
300 _axviii, 341 p. :
_bill. (some col.), maps (some col.)
500 _a"NSF Caribbean Tsunami Workshop, March 30-31, 2004, San Juan Beach Hotel, Puerto Rico."
504 _aIncludes bibliographical references.
533 _aElectronic reproduction.
_bPalo Alto, Calif. :
_cebrary,
_d2009.
_nAvailable via World Wide Web.
_nAccess may be limited to ebrary affiliated libraries.
650 0 _aTsunamis
_zCaribbean Area
_vCongresses.
650 0 _aNatural disasters
_zCaribbean Area
_vCongresses.
655 7 _aElectronic books.
_2local
700 1 _aMercado-Irizarry, Aurelio.
700 1 _aLiu, Philip L. F.
710 2 _aebrary, Inc.
856 4 0 _uhttp://site.ebrary.com/lib/rucke/Doc?id=10201421
_zAn electronic book accessible through the World Wide Web; click to view
999 _c120130
_d120130